000 01043nam a22002057a 4500
999 _c61015
_d61015
005 20231206172112.0
008 231206s1991 ru ||||| |||| 00| 0 rus d
020 _a5853020102
041 _arus
080 _a94(37+38):355.48 Ц-31
100 _a Цезарь, Гай Юлий
_920609
245 _aЗаписки Юлия Цезаря и его продолжателей :
_bО гражданской войне, об александрийской войне, об африканской войне /
_cГай Юлий Цезарь; Перевод М.М. Покровского.
264 _aМосква :
_bДень,
_c1991.
300 _a182 с.;
_b22 см.
653 _aიულიუს კეისრისა და მისი მემკვიდრეების ჩანაწერები
653 _aალექსანდრიის ომი
653 _aაფრიკის ომი
700 _aПокровский, М.М.
_eმთარგმნელი
_920608
942 _2udc
_cᲬᲘᲒᲜᲘ